ALL Territories - Statistics

General Stats
  • This quiz has been taken 16 times
  • The average score is 29 of 66
Answer Stats
Hint Answer % Correct
France French Guiana
91%
Netherlands Aruba
82%
Denmark Greenland
82%
France Guadeloupe
82%
France Saint Martin
82%
United Kingdom Anguilla
73%
United Kingdom Bermuda
73%
Netherlands Bonaire
73%
United Kingdom British Virgin Islands
73%
Netherlands Curaçao
73%
United Kingdom Isle of Man
73%
United Kingdom Jersey
73%
France Martinique
73%
Netherlands Saba
73%
France Saint Pierre and Miquelon
73%
Netherlands Sint Maarten
73%
United Kingdom Cayman Islands
64%
United Kingdom Falkland Islands
64%
France French Polynesia
64%
United Kingdom Saint Helena
64%
France Wallis and Futuna
64%
United Kingdom Ascension Island
55%
Australia Christmas Island
55%
France New Caledonia
55%
United States Puerto Rico
55%
France Réunion
55%
Netherlands Sint Eustatius
55%
United States U.S. Virgin Islands
55%
United Kingdom British Indian Ocean Territory
45%
United Kingdom Gibraltar
45%
United States Guam
45%
France Mayotte
45%
Canada Northwest Territories
45%
Canada Nunavut
45%
France Saint Barthélemy
45%
New Zealand Tokelau
45%
United Kingdom Tristan da Cunha
45%
United Kingdom Turks and Caicos Islands
45%
Canada Yukon
45%
United Kingdom British Antarctic Territory
36%
France Clipperton Island
36%
United Kingdom Montserrat
36%
United States Northern Mariana Islands
36%
United States American Samoa
27%
United States Baker Island
27%
United Kingdom Pitcairn Islands
27%
United States Wake Island
27%
United Kingdom Akrotiri and Dhekelia
18%
France Crozet Islands
18%
France Europa Island
18%
France Glorioso Islands
18%
United Kingdom Guernesey
18%
United States Jarvis Island
18%
United States Johnston Atoll
18%
France Kerguelen Islands
18%
United States Midway Atoll
18%
France Saint Paul and Amsterdam Islands
18%
France Adélie Land
9%
France Bassas da India
9%
United States Howland Island
9%
United States Kingman Reef
9%
United States Navassa Island
9%
United States Palmyra Atoll
9%
United Kingdom South Georgia and the South Sandwich Islands
9%
France Tromelin Island
9%
France Juan de Nova Island
0%
No matching quizzes found
Score Distribution
Percent of People with Each Score
Percentile by Number Answered
Your Score History
You have not taken this quiz